Los métodos de la geografía

保存先:
書誌詳細
第一著者: George, Pierre (著者)
フォーマット: 図書
言語:スペイン語
出版事項: Barcelona Oikos-Tau 1979
版:2a. ed
シリーズ:Que Sais-je? en Lengua castellana, 96
主題:
タグ: タグ追加
タグなし, このレコードへの初めてのタグを付けませんか!

MARC

LEADER 00000nam a2200000 a 4500
001 UCN7382
003 CL-VaPUC
008 011018e19790000SP |||||||||||||||||spa|d
082 0 4 |a 910.01  |b GEO  |2 21 
100 |a George, Pierre  |e author  |9 341155 
245 1 4 |a Los métodos de la geografía 
250 |a 2a. ed 
300 |a 122 p 
942 |c BK 
945 |d 20011018 00:00:00  |a cmena 
260 |a Barcelona  |b Oikos-Tau  |c 1979 
650 0 |a Geografía  |9 259346 
650 0 |a Investigación científica  |9 259857 
650 0 |a Filosofía de las ciencias  |9 256466 
583 |a last modification  |c 20011018 00:00:00  |k Rodrigo Vera 
490 0 |a Que Sais-je? en Lengua castellana, 96 
999 |c 297747  |d 297745 
952 |0 0  |1 0  |4 0  |6 910_010000000000000_GEO_1979  |7 0  |8 A  |9 352707  |a BIBING  |b BIBING  |d 2019-11-21  |i 3763803  |o 910.01 GEO 1979  |p 3763803  |r 2025-01-20  |w 2019-11-21  |y BK  |k GEO